000 00651nam a22001457a 4500
008 251222b ||||| |||| 00| 0 eng d
020 _aE SHKRUN ISBN QETU
041 _aeng QETU NESE OSHT ANGLISHT E LEN ENG NESE OSHT SHQIP E LEN ALB
080 _aNUMRI DECIMAL E SHIKON NE LIBER NE FILLIM OSE NE FUND E KI
082 _2EDICIONI I LIBRIT PSH 14th OSE 1st
100 _aRAFTI KU KE ME VENDOS LIBREN
101 _aSHKURTESA E RAFTIT PSH TE MEDICINE - MED TANA SHKO SIPER LART
245 _aTITULLI I LIBRIT
_cEMRI I AUTORIT , SE PARI MBIEMRIN TANA EMRIN ME PREJSE NESE KI MA SHUM AUTOR
942 _2udc
_cBK
_eEDICIONIN E SHKRUN EDHE E BAN SAVE NALT
999 _c60739
_d60739